01433nam a2200325Ia 4500001001200000003000800012006001900020007001500039008004100054040002100095035002000116050002400136082002100160245024400181260005500425300001100480504004100491533015200532610003800684650001300722650001600735651003700751651003700788655002900825710005900854710003400913710001700947856012600964999001701090ebr10072125CaPaEBRm u cr cn|||||||||050321s1995 dcu sb 000 0 eng d aCaPaEBRcCaPaEBR a(OCoLC)5854342614aHF3127b.M39 1995eb04a382/.095207322200aMaximizing U.S. interests in science and technology relations with Japanh[electronic resource] :breport of the defense task force /cCommittee on Japan, Office of Japan Affairs, Office of International Affairs, National Research Council. aWashington, D.C. :bNational Academy Press,c1995. a126 p. aIncludes bibliographical references. aElectronic reproduction.bPalo Alto, Calif. :cebrary,d2009.nAvailable via World Wide Web.nAccess may be limited to ebrary affiliated libraries.10aUnited States.bDept. of Defense. 0aScience. 0aTechnology. 0aUnited StatesxRelationszJapan. 0aJapanxRelationszUnited States. 7aElectronic books.2local2 aNational Research Council (U.S.).bCommittee on Japan.2 aNational Academy Press (U.S.)2 aebrary, Inc.40uhttp://site.ebrary.com/lib/rucke/Doc?id=10072125zAn electronic book accessible through the World Wide Web; click to view c34110d34110